Malaysia : investment in the manufacturing sector

Bibliographic Details
Corporate Author: Malaysian Industrial Development Authority
Format: Book
Published: Kuala Lumpur : Malaysian Industrial Development Authority , 1994
Subjects:

MARC

LEADER 00000cam a2200000 7i4500
001 0000009114
005 20120726093000.0
008 021119s1994
090 0 0 |a HC445.5   |b .M34 1994 f 
245 0 0 |a Malaysia :   |b investment in the manufacturing sector   |c Malaysian Industrial Development Authority 
260 |a Kuala Lumpur :   |b Malaysian Industrial Development Authority ,   |c 1994 
300 |a vii, 65 p. ;   |c 30 cm. 
650 0 |a Industry and state   |z Malaysia 
650 0 |a Investments, Foreign   |z Malaysia 
651 0 |a Malaysia   |x Economic conditions 
710 2 |a Malaysian Industrial Development Authority 
999 |a 1000051321   |b Book   |c Reference   |e Gong Badak Campus 
999 |a 1000115970   |b Book   |c Reference   |e Gong Badak Campus 
999 |a 1000115975   |b Book   |c Close Access   |e Gong Badak Campus 
999 |a 1000119620   |b Book   |c Close Access   |e Gong Badak Campus